| 000 | 00000nam##2200000za#4500 |
| 001 | 9.670204 |
| 003 | CaOODSP |
| 005 | 20210615125335 |
| 007 | ta |
| 008 | 150407|2008||||xxc||||| f|0| 0 fre|d |
| 020 | |a978-0-662-05775-8 |
| 040 | |aCaOODSP|bfre |
| 041 | |aeng |
| 041 | |afre |
| 043 | |an-cn--- |
| 086 | 1 |aH14-34/2008 |
| 110 | 1 |aCanada.|bProcréation assistée Canada. |
| 245 | 13|aLa loi sur la Procréation assistée : |bguide pour les patient(e)s |
| 260 | |aOttawa - Ontario : |bProcréation assistée Canada |cc2008. |
| 300 | |a1 feuille pliée (Texte français, [5p.]) ; |c23 cm. |
| 563 | |aDépliant |
| 590 | |a09-09|b2009-02-27 |
| 691 | 07|aProcréatique|2gcpds |
| 776 | 0#|tLa loi sur la Procréation assistée : |w(CaOODSP)9.635408 |
| 776 | 0#|tThe Assisted Human Reproduction Act : |w(CaOODSP)9.691073 |
| 791 | |tThe Assisted Human Reproduction Act : |eeng|w(CaOODSP)9.670203 |